000 00585 a2200193 4500
001 63756
005 20260407155937.0
008 260407a1994 arg spa d
003 AR-UNSa-BCEJYS
040 _aAR-UNSa-BCEJYS
_bspa
_cAR-UNSa-BCEJYS
080 _a657(083)
_xResoluciones Técnicas Contables. Informes
245 1 0 _aResolución técnica 10 de la FACPCE
_pComentada
264 1 _aBuenos Aires :
_bEdiciones Interoceánicas
_c1994
300 _a52 p.
_c22 cm.
041 _aspa
942 _cBK
590 _aniveau_biblio:m niveau_hierar:0
100 1 _aSánchez Brot, Luis E.
999 _c8316
_d8316